| 000 | 01260nam a2200361 a 4500 | ||
|---|---|---|---|
| 001 | 21310 | ||
| 003 | VRT | ||
| 005 | 20260226122620.0 | ||
| 008 | 240313s2005 xr a a 000 j slo | ||
| 015 | _aSNBZSA2017/09 | ||
| 020 |
_a807360342X _q(leporelo) |
||
| 039 | 9 |
_a202403131637 _bVLOAD _c202010151913 _dAUTHORITY _c202010151913 _dAUTHORITY _c202009011823 _dAUTHORITY |
|
| 040 |
_aTTKJF _bslo _cTTKJF _dSNK _eAACR2 |
||
| 041 | 1 |
_aslo _hund |
|
| 044 |
_axr _cCZ |
||
| 072 | 7 |
_a821-93 _xLiteratúra pre deti a mládež _2konspekt |
|
| 080 |
_a(0.025.2) _22011 |
||
| 080 |
_a82-93-053.2 _22011 |
||
| 100 | 1 |
_aPavlovič, Jozef, _d1934-2020 _4aut |
|
| 245 | 1 | 0 |
_aMedovníkova chalúpka _hgrafika _c[text Jozef Pavlovič ; ilustrácie Liliane Crismer] |
| 260 |
_a[Praha] _bOttovo nakladatelství _c2005 |
||
| 300 |
_a[10] s. _bfareb. ilustr. _c20 cm |
||
| 655 | 7 |
_aleporelá _2SNKPH |
|
| 655 | 7 |
_aPicture books for children _2SNKPHeng |
|
| 655 | 7 |
_apublikácie pre deti _2SNKPH |
|
| 655 | 7 |
_aChildren's literature _2SNKPHeng |
|
| 700 | 1 |
_aCrismer, Liliane _4ill |
|
| 700 | 1 |
_aPavlovič, Jozef, _d1934-2020 _4aut |
|
| 910 | _attkjf | ||
| 910 | _asnk | ||
| 942 |
_2ddc _cKLDE _n0 |
||
| 949 |
_617A1270213 _asnkSD 86469 _bsnk2017/17946 _oPemic20-ah/20Int. č. fa – 27/2017 |
||
| 999 |
_c21310 _d21310 |
||